Normale Ansicht MARC-Ansicht ISBD

Testanbieter werben mit Paketpreisen. (Titelsatznr. 370937)

[ MARC ]
MARC-Details
000 -Satzkennung
Kontrollfeld mit fester Länge 00849nam a22002297a 4500
008 - Feld mit fester Länge zur physischen Beschreibung - Allgemeine Angaben
Kontrollfeld mit fester Länge 201130b ||||| |||| 00| 0 eng d
040 ## - Katalogisierungsquelle
Katalogisierungssprache ger
Übertragungsstelle DE-2950
Beschreibungsfestlegungen rda
Original-Katalogisierungsstelle DE-2950
041 ## - Sprachcode
Sprachcode des Textes/der Tonspur oder des separaten Titels ger
100 ## - Person oder Familie als 1. geistiger Schöpfer
Personenname Pansegrau Axel:
245 ## - Titel
Haupttitel Testanbieter werben mit Paketpreisen.
Titelzusatz Neuregelung: Seit dem 11. Oktober müssen Corona-Schnelltests bis auf Ausnahmen selbst bezahlt werden. Ein Preisvergleich an Frankfurts Teststellen./
Verantwortlichkeitsangabe Pansegrau Axel
264 ## - Veröffentlichungsangabe, Vertriebsangabe, Herstellungsangabe
Erscheinungs-, Vertriebs-, Herstellungsdatum 2021
653 ## - Lokales Schlagwort
Nicht-normierter Term Frankfurt (Oder)
653 ## - Lokales Schlagwort
Nicht-normierter Term Corona
653 ## - Lokales Schlagwort
Nicht-normierter Term Testzentrum
653 ## - Lokales Schlagwort
Nicht-normierter Term Neuregelung
653 ## - Lokales Schlagwort
Nicht-normierter Term Corona-Schnelltest
773 ## - Übergeordnete Einheit
Ort, Verlag und Erscheinungsjahr Frankfurt (Oder): Märkisches Verlags- und Druckhaus GmbH & Co KG
Verknüpfungsangaben 32. Jahrgang (2021) Nr. 238 vom 12.10.2021, S. 13
Titel Märkische Oderzeitung
942 ## - Zusätzliche Felder (Koha)
Koha-Medientyp Aufsätze
Exemplare
Ausgeschieden Verloren Beschädigt Nicht entleihbar Permanenter Standort Aktueller Standort Aufstellungsort Eingabedatum Anzahl Ausleihen Signatur Letzte Aktivität Preis gültig von Medientyp
        Stadtarchiv Frankfurt (Oder) | Archivbibliothek Stadtarchiv Frankfurt (Oder) | Archivbibliothek Magazin 12/10/2021   Z2 12/10/2021 12/10/2021 Aufsätze